| 000 | 00559nam a2200193Ia 4500 | ||
|---|---|---|---|
| 003 | GCL | ||
| 008 | 140319s9999 xx 000 0 eng d | ||
| 040 |
_aGCL / _cGCL |
||
| 082 | 0 | 4 |
_a962.16 _bZ E |
| 100 | 1 | _aVONZABERN, PHILIPP | |
| 245 | 1 | 0 |
_aTHE EGYPTIAN MUSENUM CAIRO MUSES EGYPTIAN DU CAIRO DES AGYPTISCHE MUSEUM KAIRO / _cVONZABERN, PHILIPP |
| 260 |
_a[S.N] : _bORGANIS OF EGYPTIAN ANTIQUITES ، _c1987 |
||
| 300 | _a268 | ||
| 650 | 0 | 4 | _aHISTORY |
| 650 | 0 | 4 | _aCAIRO |
| 650 | 0 | 4 | _aEGYPTIAN MUSEUSM |
| 650 | 0 | 4 | _aEGYPT - ANTIQUITIES |
| 942 |
_2ddc _cBK |
||
| 999 |
_c15150 _d15150 |
||